00789nam a2200217 a 450000100100000000500170001000800410002702000150006804000250008310000290010824500830013725000110022026000620023130000280029350000600032150400320038170000270041304900090044095201050044999900170055400002243720200930021624.0101011s2000 dr a 001 0 spa d a9500714493 aDO-SdBNPbspacBNPHU1 aSquirru, Ludovica94625013aEl libro del destino :bastrología maya /cLudovica Squirru, Carlos Barrios. a2a ed. aBuenos Aires, Argentina :bEditorial Sudamericana,c2000. a348 p. :bil. ;c23 cm. aIncluye datos biográficos de los autores en la solapa aBibliografía : p. 347-3481 aBarrios, Carlos946251 aBNPD 0010718PDaGRbGRcCTd2010-10-11iLF1l0o p22437-10r2020-06-25w2020-06-25yLFPDZNo se presta c21935d21935